[Event "BRA-ch Seniors 50"]
[Site "Joao Pessoa"]
[Date "2022.08.19"]
[Round "1"]
[White "Lima, Darcy Gustavo Macha"]
[Black "Moura, Paulo Jorge Alves"]
[Result "1-0"]
[WhiteElo "2430"]
[BlackElo "1817"]
[PlyCount "57"]
[EventDate "2022.08.19"]
[EventType "k.o."]
[EventRounds "5"]
[EventCountry "BRA"]
[SourceTitle "CBM 210 Extra"]
[Source "ChessBase"]
[SourceDate "2022.11.30"]
[SourceVersion "1"]
[SourceVersionDate "2022.11.30"]
[SourceQuality "1"]

1. g3 e5 2. Bg2 Nf6 3. c4 Bc5 4. Nc3 Nc6 5. e3 0-0 6. Nge2 Re8 7. a3 a5 8. 0-0 d6 9. d3 Bg4 10. h3 Bh5 11. b3 Qd7 12. g4 Bg6 13. Ng3 h6 14. Bb2 Rad8 15. Nce4 Nxe4 16. dxe4 Qe7 17. Nf5 Qg5 18. Kh2 Qf6 19. Rg1 Kh7 20. Qf3 Rd7 21. Qg3 Nd8 22. Rad1 Qe6 23. h4 f6 24. Bh3 Bxf5 25. exf5 Qf7 26. g5 hxg5 27. hxg5 Qh5 28. gxf6 gxf6 29. Qg6+ 1-0

[Event "Recife Arraes Memorial 10th"]
[Site "Recife"]
[Date "2017.10.08"]
[Round "6"]
[White "Silva, Marcelo Valeriano"]
[Black "Moura, Paulo Jorge Alves"]
[Result "0-1"]
[WhiteElo "1521"]
[BlackElo "1913"]
[PlyCount "91"]
[EventDate "2017.10.06"]
[EventType "swiss"]
[EventRounds "6"]
[EventCountry "BRA"]
[SourceTitle "CBM 181 Extra"]
[Source "ChessBase"]
[SourceDate "2017.12.12"]
[SourceVersion "1"]
[SourceVersionDate "2017.12.12"]
[SourceQuality "1"]

1. e4 e5 2. Nc3 Nf6 3. Nf3 d6 4. h3 Nc6 5. Bb5 Bd7 6. 0-0 a6 7. Ba4 b5 8. Bb3 Be7 9. d3 h6 10. Be3 0-0 11. Qd2 Kh7 12. Rad1 Na5 13. Nd5 Nxb3 14. Nxf6+ Bxf6 15. cxb3 Bc6 16. Rc1 Bb7 17. Rce1 Qe7 18. Re2 Rac8 19. Rc1 Qd7 20. Nh2 Be7 21. Ng4 h5 22. Nh2 f5 23. f3 f4 24. Bf2 c6 25. d4 Qe6 26. dxe5 dxe5 27. Bc5 Rfd8 28. Qb4 Bf6 29. Bb6 Rd3 30. Rd2 Be7 31. Qa5 Qd7 32. Rcd1 Rxd2 33. Rxd2 Qe6 34. Qc3 c5 35. Ba5 Rc6 36. Bd8 Bd6 37. Bh4 Bc7 38. Rd5 c4 39. b4 Bb6+ 40. Bf2 Bc7 41. Bc5 Bb8 42. Qd2 Rc8 43. Rd7 Bc6 44. Re7 Qf6 45. Nf1 Bb7 46. Qc3 0-1

[Event "Recife Arraes Memorial 10th"]
[Site "Recife"]
[Date "2017.10.06"]
[Round "2"]
[White "Rocha, Vitor Firmo de Souz"]
[Black "Moura, Paulo Jorge Alves"]
[Result "1-0"]
[WhiteElo "2161"]
[BlackElo "1913"]
[PlyCount "81"]
[EventDate "2017.10.06"]
[EventType "swiss"]
[EventRounds "6"]
[EventCountry "BRA"]
[SourceTitle "CBM 181 Extra"]
[Source "ChessBase"]
[SourceDate "2017.12.12"]
[SourceVersion "1"]
[SourceVersionDate "2017.12.12"]
[SourceQuality "1"]

1. e4 e5 2. Nf3 d6 3. d4 exd4 4. Qxd4 Nc6 5. Bb5 Bd7 6. Bxc6 Bxc6 7. Bg5 Nf6 8. Nc3 Be7 9. 0-0-0 h6 10. Bh4 0-0 11. Rhe1 Ng4 12. Bxe7 Qxe7 13. Nd5 Bxd5 14. exd5 Qd7 15. Re2 a6 16. Rde1 Nf6 17. Re7 Qd8 18. Nh4 Re8 19. Nf5 Rxe7 20. Rxe7 Kf8 21. Re3 Rc8 22. Rg3 Qe8 23. Re3 Qd8 24. g4 c5 25. dxc6 Rxc6 26. h4 Qc7 27. Rc3 Rxc3 28. bxc3 d5 29. g5 hxg5 30. hxg5 Ne8 31. Qb4+ Kg8 32. Ne7+ Kf8 33. Ng6+ Kg8 34. Qf8+ Kh7 35. Ne7 Qf4+ 36. Kb2 Nf6 37. gxf6 Qxf6 38. Qg8+ Kh6 39. Qh8+ Kg5 40. f4+ Kg4 41. Nxd5 1-0

[Event "Natal-ch"]
[Site "Natal"]
[Date "2016.02.07"]
[Round "3"]
[White "De Menezes, Ricardo Fagner Dias"]
[Black "Moura, Paulo Jorge Alves"]
[Result "0-1"]
[WhiteElo "1617"]
[BlackElo "1925"]
[PlyCount "74"]
[EventDate "2016.02.06"]
[EventType "swiss"]
[EventRounds "6"]
[EventCountry "BRA"]
[SourceTitle "CBM 171 Extra"]
[Source "ChessBase"]
[SourceDate "2016.04.26"]
[SourceVersion "1"]
[SourceVersionDate "2016.04.26"]
[SourceQuality "1"]

1. d4 d5 2. c4 Nf6 3. Bg5 e6 4. Nc3 c6 5. a3 Nbd7 6. e4 dxe4 7. Nxe4 Qa5+ 8. Bd2 Qf5 9. Ng3 Qg6 10. Be3 Ng4 11. Bd3 Nxe3 12. Bxg6 Nxd1 13. Bxf7+ Kxf7 14. Rxd1 Nf6 15. Nf3 Bd6 16. Ne2 Re8 17. 0-0 h6 18. Rfe1 Bd7 19. Ne5+ Kg8 20. Nc3 Rad8 21. Nf3 a6 22. Rd3 b5 23. c5 Bc7 24. Rde3 Nd5 25. Re4 Rf8 26. Rxe6 Bxe6 27. Rxe6 Rf6 28. Nxd5 Rxd5 29. Re8+ Rf8 30. Re6 Rf6 31. Re8+ Kh7 32. Re7 Bf4 33. Re4 Bc1 34. Re2 Rxf3 35. gxf3 Rxd4 36. Rc2 Bf4 37. Kg2 Rd2 0-1

[Event "Natal-ch"]
[Site "Natal"]
[Date "2016.02.06"]
[Round "1"]
[White "Da Silva, Gerson Lennon Cabra"]
[Black "Moura, Paulo Jorge Alves"]
[Result "0-1"]
[WhiteElo "1770"]
[BlackElo "1925"]
[PlyCount "58"]
[EventDate "2016.02.06"]
[EventType "swiss"]
[EventRounds "6"]
[EventCountry "BRA"]
[SourceTitle "CBM 171 Extra"]
[Source "ChessBase"]
[SourceDate "2016.04.26"]
[SourceVersion "1"]
[SourceVersionDate "2016.04.26"]
[SourceQuality "1"]

1. Nf3 d5 2. g3 Nf6 3. Bg2 Nc6 4. 0-0 e5 5. d3 Bd6 6. Nbd2 Bd7 7. e4 d4 8. Nc4 Bg4 9. Nxd6+ Qxd6 10. h3 Be6 11. Re1 h6 12. c3 Rd8 13. cxd4 Nxd4 14. Nxd4 Qxd4 15. Be3 Qxb2 16. Qa4+ Bd7 17. Qxa7 Bc6 18. Rab1 Qc3 19. Rxb7 Qxe1+ 20. Bf1 Bxb7 21. Qxb7 Qa5 22. Qc6+ Nd7 23. d4 exd4 24. Bxd4 0-0 25. Bc4 Ne5 26. Bxe5 Qxe5 27. Kh2 Rd1 28. Bd5 Qf6 29. a4 Qf3 0-1

[Event "Recife Arraes Memorial 8th"]
[Site "Recife"]
[Date "2015.05.03"]
[Round "5"]
[White "Moura, Paulo Jorge Alves"]
[Black "Albuquerque, Wellington S Jr"]
[Result "0-1"]
[WhiteElo "1946"]
[BlackElo "2138"]
[PlyCount "92"]
[EventDate "2015.05.01"]
[EventType "swiss"]
[EventRounds "6"]
[EventCountry "BRA"]
[SourceTitle "EXT 2018"]
[Source "ChessBase"]
[SourceDate "2017.10.13"]
[SourceVersion "1"]
[SourceVersionDate "2017.10.13"]
[SourceQuality "1"]

1. d4 Nf6 2. c4 c5 3. d5 b5 4. cxb5 a6 5. bxa6 g6 6. g3 Bxa6 7. Bg2 d6 8. b3 Bg7 9. Bb2 0-0 10. Nf3 Nbd7 11. 0-0 Bb7 12. Ng5 Nb6 13. e4 Qd7 14. Nd2 h6 15. Nh3 Rfc8 16. Qc2 c4 17. bxc4 Ba6 18. Rfe1 Nxc4 19. Nxc4 Bxc4 20. Qd2 Qb5 21. a3 Rab8 22. Bc3 Bb3 23. Rac1 g5 24. Kh1 Qa6 25. Bb4 Nd7 26. Ng1 Ne5 27. Re3 Nc4 28. Qe2 Qa4 29. Rd3 Nb2 30. Rxc8+ Rxc8 31. Qg4 Nxd3 32. Qxc8+ Bf8 33. Nh3 Nxb4 34. axb4 Qxb4 35. Qc1 Qd4 36. Qe1 Bg7 37. Ng1 Bc2 38. h3 Be5 39. Nf3 Qxe4 40. Qxe4 Bxe4 41. Nxe5 Bxg2+ 42. Kxg2 dxe5 43. g4 e4 44. Kf1 Kg7 45. Ke2 Kf6 46. Ke3 Ke5 0-1

[Event "American Continental 10th"]
[Site "Praia da Pipa"]
[Date "2014.10.19"]
[Round "3"]
[White "Souza Neves, Andrey Marcelo"]
[Black "Moura, Paulo Jorge Alves"]
[Result "1-0"]
[WhiteElo "2173"]
[BlackElo "2000"]
[PlyCount "195"]
[EventDate "2014.10.18"]
[EventType "swiss"]
[EventRounds "11"]
[EventCountry "BRA"]
[SourceTitle "EXT 2015"]
[Source "ChessBase"]
[SourceDate "2014.11.20"]
[SourceVersion "1"]
[SourceVersionDate "2014.11.20"]
[SourceQuality "1"]

1. d4 d5 2. Bf4 Nf6 3. e3 e6 4. Nf3 Nbd7 5. Nbd2 Nh5 6. Bg5 Be7 7. Bxe7 Qxe7 8. c4 Nhf6 9. cxd5 exd5 10. Qc2 c6 11. Be2 0-0 12. 0-0 Re8 13. Rab1 Ng4 14. Bd3 h6 15. b4 a6 16. a4 Ngf6 17. b5 cxb5 18. axb5 a5 19. b6 Qd6 20. Qc7 Re6 21. Bf5 Qxc7 22. bxc7 Rc6 23. Bxd7 Nxd7 24. Rfc1 Raa6 25. h3 a4 26. Rxc6 Rxc6 27. Rb5 b6 28. Rb4 a3 29. Ra4 Rc3 30. Ra8 Rxc7 31. Rxa3 f6 32. Rb3 Ba6 33. Kh2 Bc4 34. Rb2 Rb7 35. Nh4 Bd3 36. Rb3 Ba6 37. Nf5 Kf8 38. Rc3 Ra7 39. Ra3 Nb8 40. Rc3 b5 41. Nb3 Nd7 42. Rc6 Nb8 43. Rc5 Rd7 44. f3 Kf7 45. e4 dxe4 46. fxe4 h5 47. Kg3 g6 48. Ne3 Re7 49. Kf3 Nd7 50. Rc1 Bb7 51. Nd5 Bxd5 52. exd5 Nb6 53. d6 Rd7 54. Rc5 Rxd6 55. Rxb5 Nd5 56. Rb7+ Kf8 57. Ra7 Re6 58. Nc5 Re3+ 59. Kf2 Re7 60. Ra6 Kf7 61. Rd6 Nf4 62. Kf3 Ne2 63. Rd8 Nc3 64. h4 Nb5 65. Nd3 Re8 66. Rd5 Nc3 67. Rc5 Ne2 68. Rc7+ Kf8 69. d5 Nd4+ 70. Kf2 Re2+ 71. Kf1 Rd2 72. Nf4 Rd1+ 73. Kf2 Rd2+ 74. Ke3 Nb3 75. Nxg6+ Ke8 76. Nf4 Rd1 77. Ke4 Nd4 78. Ne6 Ne2 79. Rc5 Ng3+ 80. Kf4 Ne2+ 81. Kf5 Rf1+ 82. Kg6 Nf4+ 83. Nxf4 Rxf4 84. Kxh5 Ke7 85. g4 Kd6 86. Ra5 Rf1 87. Kg6 Rf4 88. g5 fxg5 89. hxg5 Rf8 90. Kg7 Rf5 91. g6 Rf1 92. Kg8 Rg1 93. g7 Rg2 94. Kf8 Rf2+ 95. Kg8 Rg2 96. Ra6+ Ke7 97. Re6+ Kd7 98. Kh7 1-0

[Event "Recife Arraes Memorial 7th"]
[Site "Recife"]
[Date "2014.08.31"]
[Round "6"]
[White "Camara, Jose Arruda"]
[Black "Moura, Paulo Jorge Alves"]
[Result "1-0"]
[WhiteElo "1905"]
[BlackElo "2027"]
[PlyCount "101"]
[EventDate "2014.08.29"]
[EventType "swiss"]
[EventRounds "6"]
[EventCountry "BRA"]
[SourceTitle "EXT 2015"]
[Source "ChessBase"]
[SourceDate "2014.11.20"]
[SourceVersion "1"]
[SourceVersionDate "2014.11.20"]
[SourceQuality "1"]

1. e4 e6 2. d4 d5 3. e5 Nd7 4. Nf3 c5 5. c3 b6 6. Bb5 a6 7. Ba4 Bb7 8. 0-0 Rc8 9. Re1 Ne7 10. dxc5 b5 11. Bc2 Nxc5 12. Nbd2 Nc6 13. Nf1 Qc7 14. Bf4 Nd7 15. Bg3 b4 16. cxb4 Bxb4 17. Re2 h6 18. a3 Be7 19. Ba4 Nb6 20. Rc1 Nxa4 21. Qxa4 Qb6 22. Qg4 g5 23. Qh5 Rc7 24. h4 gxh4 25. Bxh4 Nd4 26. Nxd4 Rxc1 27. Bxe7 Qxd4 28. Bg5 Rb1 29. Bd2 a5 30. Re1 Rxb2 31. Be3 Qc3 32. Rc1 Rc2 33. Rb1 Qc7 34. Qh4 Rc4 35. Qf6 Rg8 36. Bb6 Qd7 37. Bxa5 Rc8 38. Bb4 d4 39. f3 d3 40. Bd6 Rc2 41. Ne3 Re2 42. Qxh6 f5 43. Rxb7 Qxb7 44. Qxe6+ Kd8 45. Qxg8+ Kd7 46. Qf7+ Kc8 47. Qc4+ Kd8 48. Qxd3 Re1+ 49. Kf2 Rb1 50. Bb4+ Ke8 51. Qxb1 1-0

[Event "Recife Dokmus op"]
[Site "Recife"]
[Date "2013.01.18"]
[Round "2"]
[White "Moura, Paulo Jorge Alves"]
[Black "Santiago, Yago de Moura"]
[Result "0-1"]
[WhiteElo "2068"]
[BlackElo "2405"]
[PlyCount "56"]
[EventDate "2013.01.17"]
[EventType "swiss"]
[EventRounds "7"]
[EventCountry "BRA"]
[SourceTitle "CBM 152 Extra"]
[Source "ChessBase"]
[SourceDate "2013.02.25"]
[SourceVersion "1"]
[SourceVersionDate "2013.02.25"]
[SourceQuality "1"]

1. d4 g6 2. c4 Bg7 3. e4 d6 4. g3 Nf6 5. Bg2 0-0 6. Ne2 Nc6 7. 0-0 Nd7 8. Nbc3 e5 9. d5 Ne7 10. Kh1 f5 11. Bg5 h6 12. Be3 Nf6 13. f3 g5 14. exf5 Nxf5 15. Bf2 a6 16. g4 Ne7 17. Qd3 Qe8 18. Ng3 Ng6 19. Nge2 Bd7 20. b4 e4 21. fxe4 Ne5 22. Qc2 Nfxg4 23. Bd4 Qh5 24. h3 Rf3 25. Rxf3 Nxf3 26. Bg1 Nxg1 27. Nxg1 Rf8 28. Bf3 Rxf3 0-1

[Event "Serra Talhada op"]
[Site "Serra Talhada"]
[Date "2012.11.17"]
[Round "6"]
[White "Moura, Paulo Jorge Alves"]
[Black "Melo, Edvaldo de Souza Jr"]
[Result "0-1"]
[WhiteElo "2086"]
[BlackElo "1830"]
[PlyCount "78"]
[EventDate "2012.11.15"]
[EventType "swiss"]
[EventRounds "7"]
[EventCountry "BRA"]
[SourceTitle "CBM 151 Extra"]
[Source "ChessBase"]
[SourceDate "2012.12.18"]
[SourceVersion "1"]
[SourceVersionDate "2012.12.18"]
[SourceQuality "1"]

1. d4 Nf6 2. c4 e6 3. Nc3 b6 4. e4 Bb4 5. Bd3 Bb7 6. f3 c6 7. Bg5 h6 8. Bh4 g5 9. Bg3 Nh5 10. Bf2 Nf4 11. Bf1 Qe7 12. Nge2 Nxe2 13. Bxe2 d6 14. Qb3 Bxc3+ 15. bxc3 Nd7 16. a4 Rb8 17. Kd2 e5 18. Rhb1 Qf6 19. Be3 c5 20. d5 a5 21. Rf1 Kd8 22. g3 Qg6 23. Qb1 Kc7 24. f4 f6 25. Bg4 gxf4 26. Bxd7 fxe3+ 27. Kxe3 Kxd7 28. Rf5 Ba6 29. Qf1 Rhf8 30. Qh3 Kc7 31. Kd3 Bc8 32. Raf1 Bxf5 33. Rxf5 Rf7 34. Qh4 Rg8 35. Kd2 Rh8 36. Qh3 h5 37. Qf1 h4 38. Qh3 Qh6+ 39. Kd3 hxg3 0-1

[Event "Serra Talhada op"]
[Site "Serra Talhada"]
[Date "2012.11.15"]
[Round "1"]
[White "Moura, Paulo Jorge Alves"]
[Black "De Gois, Remir Novaes"]
[Result "1-0"]
[WhiteElo "2086"]
[BlackElo "1842"]
[PlyCount "69"]
[EventDate "2012.11.15"]
[EventType "swiss"]
[EventRounds "7"]
[EventCountry "BRA"]
[SourceTitle "CBM 151 Extra"]
[Source "ChessBase"]
[SourceDate "2012.12.18"]
[SourceVersion "1"]
[SourceVersionDate "2012.12.18"]
[SourceQuality "1"]

1. d4 d5 2. c4 c6 3. Nc3 g6 4. e3 Bg7 5. Nf3 Bg4 6. h3 Be6 7. Ng5 Nf6 8. Nxe6 fxe6 9. Bd3 0-0 10. 0-0 Nbd7 11. b3 e5 12. cxd5 exd4 13. dxc6 Ne5 14. cxb7 Rb8 15. exd4 Nxd3 16. Qxd3 Rxb7 17. Ba3 Rf7 18. Rad1 Rd7 19. Qc4 Ne8 20. Bc5 Nd6 21. Qe6 Nf5 22. Ne4 Bf6 23. d5 Ng7 24. Qc6 Rc7 25. Qb5 Qc8 26. b4 Nh5 27. d6 Rd7 28. dxe7 Rfxe7 29. Bxe7 Rxe7 30. Nxf6+ Nxf6 31. Rd6 Kg7 32. Rfd1 Qc7 33. Qg5 Ne4 34. Qxe7+ Qxe7 35. Rd7 1-0

[Event "Recife Arraes Memorial 5th"]
[Site "Recife"]
[Date "2012.09.08"]
[Round "4"]
[White "Moura, Paulo Jorge Alves"]
[Black "De Macedo, Luiz Soares"]
[Result "1-0"]
[WhiteElo "2085"]
[BlackElo "1718"]
[PlyCount "52"]
[EventDate "2012.09.06"]
[EventType "swiss"]
[EventRounds "7"]
[EventCountry "BRA"]
[SourceTitle "EXT 2013"]
[Source "ChessBase"]
[SourceDate "2012.11.22"]
[SourceVersion "1"]
[SourceVersionDate "2012.11.22"]
[SourceQuality "1"]

1. d4 d5 2. c4 e6 3. Nc3 Nf6 4. Bg5 Be7 5. e3 Nbd7 6. Nf3 0-0 7. Bd3 dxc4 8. Bxc4 c6 9. 0-0 b5 10. Bd3 a6 11. Re1 Bb7 12. Ne4 Nd5 13. Bxe7 Nxe7 14. Nd6 Rb8 15. Ng5 h6 16. Bh7+ Kh8 17. Ngxf7+ Kxh7 18. Nxd8 Rfxd8 19. Qb3 Nf8 20. Ne4 c5 21. Nxc5 Bd5 22. Qd3+ Kh8 23. Nxa6 Bc4 24. Qa3 Rb7 25. b3 Bd3 26. Nc5 b4 1-0

[Event "Paraiban-ch op"]
[Site "Joao Pessoa"]
[Date "2012.08.04"]
[Round "3"]
[White "De Macedo, Luiz Soares"]
[Black "Moura, Paulo Jorge Alves"]
[Result "0-1"]
[WhiteElo "1724"]
[BlackElo "2142"]
[PlyCount "49"]
[EventDate "2012.08.03"]
[EventType "swiss"]
[EventRounds "6"]
[EventCountry "BRA"]
[SourceTitle "EXT 2014"]
[Source "ChessBase"]
[SourceDate "2013.11.20"]
[SourceVersion "1"]
[SourceVersionDate "2013.11.20"]
[SourceQuality "1"]

1. e4 e5 2. Nf3 d6 3. Nc3 Nf6 4. d3 Nc6 5. Be2 Be7 6. 0-0 0-0 7. Be3 Ng4 8. Bd2 f5 9. Nd5 Be6 10. Nxe7+ Qxe7 11. Bg5 Qf7 12. Bh4 h6 13. exf5 Qxf5 14. Bg3 Rae8 15. Nh4 Qg5 16. h3 Ne3 17. fxe3 Qxg3 18. Qe1 Qxe3+ 19. Kh1 Nd4 20. Bh5 Rxf1+ 21. Qxf1 Rf8 22. Qb1 Qg5 23. Ng6 Rf2 24. Qg1 Rxg2 25. h4 0-1

[Event "Recife Arraes Memorial 3rd"]
[Site "Recife"]
[Date "2010.10.12"]
[Round "7.16"]
[White "Melo, Silvio Sa De"]
[Black "Moura, Paulo Jorge Alves"]
[Result "1/2-1/2"]
[WhiteElo "1953"]
[BlackElo "2205"]
[PlyCount "115"]
[EventDate "2010.10.09"]
[EventType "swiss"]
[EventRounds "5"]
[EventCountry "BRA"]
[SourceTitle "EXT 2022"]
[Source "ChessBase"]
[SourceDate "2021.10.06"]
[SourceVersion "1"]
[SourceVersionDate "2021.10.06"]
[SourceQuality "1"]

1. d4 d5 2. Nf3 Nf6 3. c4 e6 4. Bg5 Be7 5. e3 0-0 6. Be2 b6 7. cxd5 Nxd5 8. Bxe7 Qxe7 9. 0-0 Bb7 10. Nbd2 Nd7 11. Rc1 Rac8 12. a3 e5 13. dxe5 Nxe5 14. Nxe5 Qxe5 15. Qc2 Rfd8 16. Nf3 Qe7 17. Rfd1 c5 18. Rd2 Nf6 19. Rxd8+ Rxd8 20. Rd1 Ne4 21. h3 h6 22. Rxd8+ Qxd8 23. Qd1 Qxd1+ 24. Bxd1 Kf8 25. Ne5 Ba6 26. Nc6 Nd6 27. Nxa7 Ke8 28. Nc6 Bb5 29. Ne5 f6 30. Nf3 Nc4 31. Be2 Nxa3 32. Bd1 Nc4 33. b3 Nd6 34. Nd2 Ke7 35. Nb1 Ke6 36. Nc3 Bc6 37. f3 Nb5 38. Na4 Bd5 39. Nxb6 Nc3 40. Bc2 Kd6 41. e4 Be6 42. Kf2 Kc6 43. Nc4 Na2 44. Ke3 Kb5 45. Nd6+ Kb4 46. Nb7 Nc1 47. Kd2 Nxb3+ 48. Bxb3 Bxb3 49. Nd6 Bc4 50. h4 Bf1 51. g3 Bg2 52. f4 c4 53. e5 fxe5 54. fxe5 Kc5 55. Nf5 g5 56. hxg5 hxg5 57. Kc3 Bh3 58. Nh6 1/2-1/2

[Event "Recife Arraes Memorial 3rd"]
[Site "Recife"]
[Date "2010.10.09"]
[Round "1.9"]
[White "Patric, David Marcelino"]
[Black "Moura, Paulo Jorge Alves"]
[Result "0-1"]
[WhiteElo "1844"]
[BlackElo "2205"]
[PlyCount "56"]
[EventDate "2010.10.09"]
[EventType "swiss"]
[EventRounds "5"]
[EventCountry "BRA"]
[SourceTitle "EXT 2022"]
[Source "ChessBase"]
[SourceDate "2021.10.06"]
[SourceVersion "1"]
[SourceVersionDate "2021.10.06"]
[SourceQuality "1"]

1. e4 c5 2. Nf3 Nc6 3. d4 cxd4 4. Nxd4 d6 5. Bc4 Qb6 6. Bxf7+ Kxf7 7. Nb3 Nf6 8. Nc3 g6 9. Be3 Qd8 10. 0-0 Bg7 11. f4 Ng4 12. Bc1 Qb6+ 13. Kh1 Nf2+ 14. Rxf2 Qxf2 15. Nd5 Bg4 16. Be3 Bxd1 17. Bxf2 Bxc2 18. Nd2 Bxb2 19. Rf1 Bd4 20. Bxd4 Nxd4 21. e5 e6 22. Ne3 d5 23. Ng4 Rhd8 24. Nf6 Kg7 25. g4 Rac8 26. f5 exf5 27. gxf5 Bxf5 28. Nh5+ gxh5 0-1